000 00466nam a2200181Ia 4500
001 21021
005 20260306172848.0
008 260306t2021||||xx |||||||||||||| ||spa||
041 _aESP
082 _a344
_bD84D
100 _aDivisión de Estudios Jurídicos de Gaceta Jurídica
_eAUT
245 0 _aEl derecho penal en su jurisprudencia
260 _c2021
300 _a429 páginas :
_c25 cm.
650 _aGEN
654 _aCDE
942 _cLIB
_dJUS
_fJUS
_2ddc
_n
999 _c21021
_d21021